'F' Books by Cover Quiz Stats

 Plays Quiz Updated Jul 7, 2016

Also try: 'E' Books by Cover
Challenge
Share
Tweet
Score 0/15 Timer 05:00
0 Plays Today
Book % Correct
Frankenstein
76.3%
Fahrenheit 451
75.3%
Fox in Socks
70.9%
Fear and Loathing in Las Vegas
62.7%
The Fellowship of the Ring
62.4%
Fight Club
54.4%
The Fountainhead
48.8%
Freakonomics
48%
Book % Correct
For Whom the Bell Tolls
43.3%
The Five People You Meet in Heaven
38.1%
Falling Up
36.3%
Flowers for Algernon
30.1%
Finnegans Wake
24.6%
Freckle Juice
21.9%
From the Mixed-Up Files of Mrs. Basil E. Frankweiler
15.3%

You're not logged in!

Compare scores with friends on all Sporcle quizzes.
Join for Free
OR
Log In

You Might Also Like...

Show Comments

Extras

Top Quizzes Today


Score Distribution

Your Account Isn't Verified!

In order to create a playlist on Sporcle, you need to verify the email address you used during registration. Go to your Sporcle Settings to finish the process.

Report this User

Report this user for behavior that violates our Community Guidelines.

Details: